Využitie tvorivých expertných metód pri zlepšení prognózovania a strategického plánovania

Predstavenie čiastočných výsledkov projektu „Mobilising corporate foresight potential among V4 countries“ (Mobilizácia potenciálneho podnikového foresightu v rámci krajín V4) zo Slovenska. Definícia pojmov foresight, korporatívny foresight, technologický foresight.

Saved in:
Bibliographic Details
Main Author: Gubová, Klaudia, 1986-
Other Authors: Boorová, Brigita, 1979-, Richnák, Patrik, 1988-
Format: Book Chapter
Language:Slovak
Subjects:
Tags: Add Tag
No Tags, Be the first to tag this record!

MARC

LEADER 00000nla a2200000 4500
001 0241141
005 20240502083647.2
041 0 |a slo 
044 |a CZ 
245 1 0 |a Využitie tvorivých expertných metód pri zlepšení prognózovania a strategického plánovania  |c Klaudia Gubová, Brigita Boorová, Patrik Richnák 
520 |a Predstavenie čiastočných výsledkov projektu „Mobilising corporate foresight potential among V4 countries“ (Mobilizácia potenciálneho podnikového foresightu v rámci krajín V4) zo Slovenska. Definícia pojmov foresight, korporatívny foresight, technologický foresight. 
610 2 0 |a podnik 
610 2 0 |a konkurencieschopnosť 
610 2 0 |a plánovanie strategické 
610 2 0 |a rozvoj podniku 
610 2 0 |a prognózy 
610 2 0 |a prognózy strednodobé 
610 2 0 |a prognózovanie 
610 2 0 |a technológie nové 
610 2 0 |a výskum 
610 2 0 |a Slovensko 
610 2 0 |a Vyšehradská štvorka 
100 1 |a Gubová, Klaudia, 1986- 
700 1 |a Boorová, Brigita, 1979- 
700 1 |a Richnák, Patrik, 1988-